000 00220nam a22001097a 4500
020 _a0521214505
082 _a330.97.604 RAN
100 _aRANSOM , R. L.
245 _aONE KIND OF FREEDOM
260 _a1977
942 _cBK
999 _c14315
_d14315